[Event "Teteven op 30th"]
[Site "Teteven"]
[Date "2015.08.14"]
[Round "7"]
[White "Gorchev, Gancho"]
[Black "Neikov, Radostin"]
[Result "1-0"]
[WhiteElo "1737"]
[BlackElo "1581"]
[PlyCount "35"]
[EventDate "2015.08.10"]
[EventType "swiss"]
[EventRounds "9"]
[EventCountry "BUL"]
[SourceTitle "CBM 167 Extra"]
[Source "ChessBase"]
[SourceDate "2015.09.14"]
[SourceVersion "1"]
[SourceVersionDate "2015.09.14"]
[SourceQuality "1"]

1. e4 e5 2. Nf3 Nc6 3. a3 Nf6 4. Nc3 a5 5. Bc4 Bc5 6. d3 h6 7. h3 0-0 8. g4 d6 9. g5 hxg5 10. Bxg5 Be6 11. Nd5 Bxd5 12. exd5 Nd4 13. Nd2 Re8 14. Ne4 Kf8 15. c3 Nf5 16. Qf3 Qc8 17. Nxf6 gxf6 18. Bxf6 1-0

[Event "Sunny Beach op-C 13th"]
[Site "Sunny Beach"]
[Date "2014.09.14"]
[Round "9"]
[White "Dimov, Danail"]
[Black "Gorchev, Gancho"]
[Result "1/2-1/2"]
[WhiteElo "1822"]
[BlackElo "1713"]
[PlyCount "94"]
[EventDate "2014.09.06"]
[EventType "swiss"]
[EventRounds "9"]
[EventCountry "BUL"]
[SourceTitle "CBM 162 Extra"]
[Source "ChessBase"]
[SourceDate "2014.10.17"]
[SourceVersion "1"]
[SourceVersionDate "2014.10.17"]
[SourceQuality "1"]

1. Nf3 c5 2. e4 Nc6 3. Nc3 g6 4. g3 Bg7 5. Bg2 d6 6. 0-0 Nf6 7. d3 0-0 8. Bg5 h6 9. Be3 Ng4 10. Bd2 Rb8 11. h3 Nf6 12. Nh4 e5 13. a4 a6 14. Qe1 Nd4 15. Qd1 Be6 16. a5 c4 17. Nd5 Bxd5 18. exd5 b5 19. Nf3 Nd7 20. Nxd4 exd4 21. Bb4 Nc5 22. Bxc5 dxc5 23. Re1 Qf6 24. Qf3 Qxf3 25. Bxf3 cxd3 26. cxd3 c4 27. Rac1 c3 28. b3 b4 29. Rc2 Bf6 30. Kf1 Rfc8 31. Ra1 h5 32. h4 Rb5 33. Ke1 Kf8 34. Kd1 Ke7 35. Bg2 Kd6 36. Be4 Rcc5 37. Rca2 Bd8 38. Kc2 f5 39. Bf3 Rxa5 40. Rxa5 Rxa5 41. Rxa5 Bxa5 42. Bg2 Bc7 43. f4 Kc5 44. Bf3 Kb5 45. d6 Bxd6 46. Bd5 g5 47. Bc4+ Kc5 1/2-1/2

[Event "Sunny Beach op-C 13th"]
[Site "Sunny Beach"]
[Date "2014.09.06"]
[Round "1"]
[White "Malay, Sergey"]
[Black "Gorchev, Gancho"]
[Result "1-0"]
[WhiteElo "1986"]
[BlackElo "1713"]
[PlyCount "71"]
[EventDate "2014.09.06"]
[EventType "swiss"]
[EventRounds "9"]
[EventCountry "BUL"]
[SourceTitle "CBM 162 Extra"]
[Source "ChessBase"]
[SourceDate "2014.10.17"]
[SourceVersion "1"]
[SourceVersionDate "2014.10.17"]
[SourceQuality "1"]

1. d4 Nf6 2. Bf4 e6 3. e3 b6 4. Nd2 Bb7 5. Ngf3 Nh5 6. Bg3 Nxg3 7. hxg3 d6 8. Bd3 h6 9. Qe2 Be7 10. e4 Nd7 11. 0-0-0 a6 12. Kb1 b5 13. Nb3 c6 14. c4 Qb6 15. d5 e5 16. dxc6 Bxc6 17. cxb5 axb5 18. g4 g5 19. Ne1 Nc5 20. Nc1 Ne6 21. Nc2 Nf4 22. Qf1 Nxd3 23. Qxd3 Qxf2 24. Nb4 Qc5 25. a3 Rc8 26. Ne2 Kd7 27. Qf3 Qc4 28. Nc3 Ke8 29. Nbd5 Bxd5 30. Nxd5 Qc2+ 31. Ka1 Bd8 32. Rdf1 f6 33. Qf5 Rc7 34. Qe6+ Re7 35. Nxe7 Bxe7 36. Rc1 1-0